000 00464nam a2200181Ia 4500
008 240925s9999 xx 000 0 und d
020 _a70324824
082 _a621.3815 JAE
100 _aJaeger, Richard C.
245 0 _aMicroelectronic Circuit Design
250 _aNA
260 _aNew York:
_bMcGraw-Hill
_c,1997.
300 _axvi,400p.
_bNA
_fOriginal
500 _aIncludes Index
600 _aElectronic Engineering
650 _aTechnology
942 _cBK
999 _c4621
_d4621